| 000 | 00737nam a22002295a 4500 | ||
|---|---|---|---|
| 008 | 161115t2014 xxu||||fr|||| 001 0 eng d | ||
| 020 | _a9781138953611 | ||
| 040 |
_aEG-ScBUE _beng _cEG-ScBUE |
||
| 082 |
_222 _a304.2 _bHAR |
||
| 245 |
_aRoutledge handbook of global environmental politics / _cHarris, Paul G., [editor.] |
||
| 260 |
_aLondon : _bRoutledge, _c2015. |
||
| 300 |
_axx, 540 p. ; _c25 cm. |
||
| 490 | _aRoutledge handbook | ||
| 500 | _aIndex : p. 533-540. | ||
| 590 | _aSuzan Ashmawy | ||
| 650 | 7 |
_2BUEsh _aEnvironmental policy _xInternational cooperation. _937713 |
|
| 650 | 7 |
_2BUEsh _aEnvironmental policy. |
|
| 651 | _2BUEsh | ||
| 653 |
_bBUSBOL _cNovember2016 |
||
| 700 | 1 |
_aHarris, Paul G. _eeditor. |
|
| 942 | _2ddc | ||
| 999 |
_c23127 _d23099 |
||